|
|
|
|
| LEADER |
00000cam a2200000 a 4500 |
| 001 |
vtls008589374 |
| 003 |
SK-MaSNL |
| 005 |
20260301021459.0 |
| 008 |
230501s1964 xo fr 100 s slo |
| 015 |
|
|
|a SNBA1964
|
| 020 |
|
|
|q (brožované)
|
| 035 |
|
|
|a SAVUKc182048
|
| 035 |
|
|
|a 704F80C4-64C1-455A-B794-0BDD729D7873
|
| 035 |
|
|
|a urn:nbn:sk:snk-am00ici6
|
| 040 |
|
|
|a SNK
|b slo
|c SNK
|e AACR2
|
| 041 |
0 |
|
|a slo
|
| 043 |
|
|
|a e-xo---
|
| 044 |
|
|
|a xo
|c SK
|
| 072 |
|
7 |
|a 329
|x Politické strany a hnutia
|2 konspekt
|
| 072 |
|
7 |
|a 323
|x Vnútropolitický vývoj, politický život
|2 konspekt
|
| 080 |
|
|
|a 329.1/.6
|2 2011
|
| 080 |
|
|
|a 329.15
|2 2011
|
| 080 |
|
|
|a 323
|2 2011
|
| 080 |
|
|
|a 32-043.86
|2 2011
|
| 080 |
|
|
|a (047)
|2 2011
|
| 080 |
|
|
|a (062.534)
|2 2011
|
| 245 |
0 |
0 |
|a Aktuálne otázky ideologickej práce strany
|b referát, uznesenie, diskusia zo zasadania ÚV KSČ : december 1963
|
| 246 |
3 |
|
|a Referát, uznesenie, diskusia zo zasadania Ústredného výboru Komunistickej strany Československa : december 1963
|
| 260 |
|
|
|a [Bratislava]
|b [Vydavateľstvo politickej literatúry]
|c [1964]
|
| 300 |
|
|
|a 115 strán
|c 22 cm
|
| 490 |
1 |
|
|a Nová Mysl
|
| 500 |
|
|
|a Mimoriadne slovenské vydanie
|
| 600 |
1 |
7 |
|a Koucký, Vladimír,
|d 1920-1979
|2 SNKMA
|9 61817
|
| 610 |
2 |
7 |
|a Komunistická strana Československa.
|b Ústredný výbor
|2 SNKKA
|9 179975
|
| 648 |
|
7 |
|a 1963
|2 SNKPH
|9 282258
|
| 650 |
0 |
7 |
|a politické strany
|2 SNKPH
|9 3589
|
| 650 |
0 |
7 |
|a komunistické strany
|2 SNKPH
|9 3597
|
| 650 |
0 |
7 |
|a vnútorná politika
|2 SNKPH
|9 970
|
| 650 |
0 |
7 |
|a politický vývoj
|2 SNKPH
|9 67276
|
| 655 |
|
7 |
|a zborníky konferencií
|2 SNKPH
|9 70153
|
| 655 |
|
7 |
|a referáty
|2 SNKPH
|9 70611
|
| 655 |
|
7 |
|a uznesenia
|2 SNKPH
|9 70216
|
| 830 |
|
0 |
|a Nová Mysl
|9 310518
|
| 852 |
|
|
|a Slovenská národná knižnica
|
| 954 |
|
|
|a odborná, vedecká literatúra cudzojazyčná (svetová)
|2 lita
|
| 954 |
|
|
|a odborná, vedecká literatúra pôvodná (slovenská)
|2 lita
|
| 958 |
|
|
|a RK
|
| 958 |
|
|
|a TL
|
| 958 |
|
|
|a ONDV
|
| 958 |
|
|
|a ZB
|
| 958 |
|
|
|a SP
|
| 999 |
|
|
|c 565415
|d 567345
|
| 952 |
|
|
|a SNK
|b SNK
|y PREZ
|7 0
|p 17A0807466
|o snkSC 18572
|i snkKSP 871/64
|8 0
|0 0
|1 0
|4 0
|d 2021-11-24
|f 1
|l 0
|r 2025-07-25 00:00:00
|w 2026-02-23
|